[Event "Salo We SalSK"]
[Site "Salo"]
[Date "2015.10.18"]
[Round "5"]
[White "Tuominen, Tanja"]
[Black "Lindholm, Jere"]
[Result "1/2-1/2"]
[WhiteElo "2109"]
[BlackElo "1868"]
[PlyCount "55"]
[EventDate "2015.10.16"]
[EventType "swiss"]
[EventRounds "5"]
[EventCountry "FIN"]
[SourceTitle "EXT 2022"]
[Source "ChessBase"]
[SourceDate "2021.10.06"]
[SourceVersion "1"]
[SourceVersionDate "2021.10.06"]
[SourceQuality "1"]

1. e4 d5 2. exd5 Nf6 3. Nf3 Nxd5 4. d4 Bf5 5. Bc4 e6 6. 0-0 Nc6 7. Bg5 Be7 8. Bxe7 Ndxe7 9. c3 0-0 10. Nbd2 Ng6 11. Re1 Re8 12. Nf1 Nf4 13. Ne3 Bg6 14. Bb5 Qd6 15. g3 Nh5 16. Qa4 f6 17. d5 exd5 18. Nxd5 a6 19. Bxc6 bxc6 20. Rxe8+ Rxe8 21. Ne3 Nxg3 22. hxg3 Rxe3 23. Rd1 Rd3 24. Qb3+ Kf8 25. Qb8+ Kf7 26. Re1 Qd8 27. Qb3+ Qd5 28. Qb8 1/2-1/2

[Event "Salo We SalSK"]
[Site "Salo"]
[Date "2015.10.17"]
[Round "3"]
[White "Tuominen, Tanja"]
[Black "Linden, Lari"]
[Result "1/2-1/2"]
[WhiteElo "2109"]
[BlackElo "2101"]
[PlyCount "88"]
[EventDate "2015.10.16"]
[EventType "swiss"]
[EventRounds "5"]
[EventCountry "FIN"]
[SourceTitle "EXT 2022"]
[Source "ChessBase"]
[SourceDate "2021.10.06"]
[SourceVersion "1"]
[SourceVersionDate "2021.10.06"]
[SourceQuality "1"]

1. e4 d6 2. d4 Nf6 3. Bd3 e5 4. c3 Nc6 5. Nf3 Bg4 6. Be3 Be7 7. h3 Bc8 8. 0-0 0-0 9. Nbd2 Re8 10. dxe5 Nxe5 11. Nxe5 dxe5 12. Qc2 Nh5 13. Nc4 Bg5 14. Rfd1 Qf6 15. Bf1 Be6 16. a4 b6 17. g3 g6 18. Qc1 Bxe3 19. Nxe3 a5 20. Nd5 Bxd5 21. exd5 Qd6 22. b4 e4 23. Qe3 Ng7 24. g4 f5 25. Bb5 Re7 26. Bc6 Rf8 27. bxa5 bxa5 28. c4 fxg4 29. c5 Qf6 30. d6 cxd6 31. cxd6 Re5 32. hxg4 Rg5 33. Bxe4 Rxg4+ 34. Bg2 Ne6 35. Ra2 Nf4 36. f3 Rg5 37. d7 Rd8 38. Re1 Rd5 39. Rd2 Kg7 40. Qe7+ Qxe7 41. Rxe7+ Kf6 42. Rxd5 Kxe7 43. Rxa5 Rxd7 44. Bf1 h5 1/2-1/2

[Event "Hameenlinna We HamSK"]
[Site "Hameenlinna"]
[Date "2015.05.24"]
[Round "5"]
[White "Maki, Juha"]
[Black "Tuominen, Tanja"]
[Result "0-1"]
[WhiteElo "1926"]
[BlackElo "2105"]
[PlyCount "66"]
[EventDate "2015.05.23"]
[EventType "swiss"]
[EventRounds "5"]
[EventCountry "FIN"]
[SourceTitle "EXT 2022"]
[Source "ChessBase"]
[SourceDate "2021.10.06"]
[SourceVersion "1"]
[SourceVersionDate "2021.10.06"]
[SourceQuality "1"]

1. d4 d5 2. c4 c6 3. Nf3 Nf6 4. Nc3 e6 5. e3 Be7 6. Qc2 0-0 7. b3 Nbd7 8. Bb2 b6 9. Be2 Bb7 10. 0-0 Re8 11. Rfd1 Qc7 12. Rac1 Rac8 13. Qb1 Qb8 14. Qa1 Bf8 15. a3 c5 16. cxd5 exd5 17. Qb1 cxd4 18. Nxd4 Bd6 19. g3 Nc5 20. b4 Ne6 21. Ncb5 Be5 22. Rxc8 Rxc8 23. Nf5 Rd8 24. Bxe5 Qxe5 25. Bf3 Ng5 26. Bg2 Nge4 27. f3 Qxf5 28. fxe4 Qg5 29. exd5 Qxe3+ 30. Kh1 Ng4 31. Rf1 Nf2+ 32. Rxf2 Qxf2 33. Nc3 Qe3 0-1

[Event "Hameenlinna We HamSK"]
[Site "Hameenlinna"]
[Date "2015.05.24"]
[Round "4"]
[White "Tuominen, Tanja"]
[Black "Hagelberg, Lauri"]
[Result "1/2-1/2"]
[WhiteElo "2105"]
[BlackElo "2031"]
[PlyCount "108"]
[EventDate "2015.05.23"]
[EventType "swiss"]
[EventRounds "5"]
[EventCountry "FIN"]
[SourceTitle "EXT 2022"]
[Source "ChessBase"]
[SourceDate "2021.10.06"]
[SourceVersion "1"]
[SourceVersionDate "2021.10.06"]
[SourceQuality "1"]

1. e4 c6 2. d4 d5 3. exd5 cxd5 4. Bd3 Nc6 5. c3 Nf6 6. Nf3 g6 7. 0-0 Bg7 8. Bf4 0-0 9. h3 Bf5 10. Bxf5 gxf5 11. Ne5 e6 12. Bg5 Qc7 13. Bxf6 Bxf6 14. f4 Kh8 15. Nd2 Rg8 16. Qh5 Nxe5 17. fxe5 Rg5 18. Qe2 Be7 19. Nf3 Rg3 20. Kh1 Rc8 21. Rac1 Qa5 22. c4 Qxa2 23. cxd5 Rxc1 24. Rxc1 Qxd5 25. Rc7 Bd8 26. Rc8 Rg8 27. Qf2 b5 28. Rc5 Qd7 29. Qc2 Bb6 30. Rc6 Qd5 31. Rd6 Qe4 32. Qd2 Rg6 33. Rd7 Qc6 34. Rxf7 Kg8 35. Rf6 Bd8 36. d5 Qxd5 37. Rxg6+ hxg6 38. Qh6 Kf7 39. Qh7+ Kf8 40. Qxg6 a5 41. h4 Bxh4 42. Qh6+ Ke8 43. Qxh4 Kd7 44. Qd4 Kc6 45. Qc3+ Kb6 46. Qe3+ Qc5 47. Nd4 a4 48. Kg1 b4 49. Kf2 a3 50. bxa3 bxa3 51. Nc2 a2 52. Qxc5+ Kxc5 53. Ke3 Kc4 54. Kd2 f4 1/2-1/2